Southville International School and Colleges
Your cart is empty.
  • Cart
  • Lists
    Public lists Eva Luna New books Lux_list list_1
    Your lists Log in to create your own lists
  • Log in to your account
  • Your cookies
  • Search history
Southville International School and Colleges
  • Advanced search
  • Recent comments
  • Most popular
  • Libraries

Log in to your account

Log in with GOOGLE


If you do not have an external account, but do have a local account, you can still log in:

  1. Home
  2. MARC view: The Christmas toy factory /
Normal view MARC view ISBD view

The Christmas toy factory / (Record no. 34126)

[ view plain ]
MARC details
000 -LEADER
fixed length control field 01857cam a22005174a 4500
001 - CONTROL NUMBER
control field 14651972
003 - CONTROL NUMBER IDENTIFIER
control field OSt
005 - DATE AND TIME OF LATEST TRANSACTION
control field 20140410091015.0
008 - FIXED-LENGTH DATA ELEMENTS--GENERAL INFORMATION
fixed length control field 061130s2006 nyuab b 000 1 eng d
010 ## - LIBRARY OF CONGRESS CONTROL NUMBER
LC control number 2006286887
020 ## - INTERNATIONAL STANDARD BOOK NUMBER
International Standard Book Number 0439841186 (pbk.)
020 ## - INTERNATIONAL STANDARD BOOK NUMBER
International Standard Book Number 1415689695 (BWI bdg.)
020 ## - INTERNATIONAL STANDARD BOOK NUMBER
International Standard Book Number 9780439841184
035 ## - SYSTEM CONTROL NUMBER
System control number (OCoLC)ocm71321070
035 ## - SYSTEM CONTROL NUMBER
System control number (OCoLC)71321070
040 ## - CATALOGING SOURCE
Original cataloging agency BKX
Transcribing agency BKX
Modifying agency BAKER
-- DLC
041 1# - LANGUAGE CODE
Language code of text/sound track or separate title eng
Language code of original and/or intermediate translations of text ita
042 ## - AUTHENTICATION CODE
Authentication code lcac
-- lccopycat
050 00 - LIBRARY OF CONGRESS CALL NUMBER
Classification number PZ 7
Item number .St857Ch 2006
082 00 - DEWEY DECIMAL CLASSIFICATION NUMBER
Classification number [Fic]
100 ## - MAIN ENTRY--PERSONAL NAME
Personal name Stilton, Geronimo
130 0# - MAIN ENTRY--UNIFORM TITLE
Uniform title Fabbrica dei giocattoli.
Language of a work English.
9 (RLIN) 26244
245 14 - TITLE STATEMENT
Title The Christmas toy factory /
Statement of responsibility, etc Geronimo Stilton
260 ## - PUBLICATION, DISTRIBUTION, ETC. (IMPRINT)
Place of publication, distribution, etc New York :
Name of publisher, distributor, etc Scholastic,
Date of publication, distribution, etc c2006.
300 ## - PHYSICAL DESCRIPTION
Extent 95 p. :
Other physical details col. ill., col. maps ;
Dimensions 20 cm.
500 ## - GENERAL NOTE
General note "English translation...by Edizioni Piemme S.p.A."--T.p. verso.
520 ## - SUMMARY, ETC.
Summary, etc Geronimo Stilton regrets that he is too busy to celebrate Christmas in New Mouse City and wishes he could fly to Santa's toy factory.
521 0# - TARGET AUDIENCE NOTE
Target audience note
526 ## - STUDY PROGRAM INFORMATION NOTE
Reading level 540
562 ## - COPY AND VERSION IDENTIFICATION NOTE
Number of copies For circulation. 1 copy in the collection
650 #0 - SUBJECT ADDED ENTRY--TOPICAL TERM
Topical term or geographic name as entry element Stilton, Geronimo (Fictitious character)
Form subdivision Juvenile fiction.
9 (RLIN) 26245
650 #0 - SUBJECT ADDED ENTRY--TOPICAL TERM
Topical term or geographic name as entry element Christmas stories.
9 (RLIN) 3694
650 #0 - SUBJECT ADDED ENTRY--TOPICAL TERM
Topical term or geographic name as entry element Factories
Form subdivision Juvenile fiction.
9 (RLIN) 26246
650 #0 - SUBJECT ADDED ENTRY--TOPICAL TERM
Topical term or geographic name as entry element Mice
Form subdivision Juvenile fiction.
9 (RLIN) 26247
650 #1 - SUBJECT ADDED ENTRY--TOPICAL TERM
Topical term or geographic name as entry element Mice
Form subdivision Fiction.
9 (RLIN) 26248
650 #1 - SUBJECT ADDED ENTRY--TOPICAL TERM
Topical term or geographic name as entry element Christmas
Form subdivision Fiction.
9 (RLIN) 26249
650 #1 - SUBJECT ADDED ENTRY--TOPICAL TERM
Topical term or geographic name as entry element Factories
Form subdivision Fiction.
9 (RLIN) 26250
650 #1 - SUBJECT ADDED ENTRY--TOPICAL TERM
Topical term or geographic name as entry element Journalists
Form subdivision Fiction.
9 (RLIN) 26251
650 #1 - SUBJECT ADDED ENTRY--TOPICAL TERM
Topical term or geographic name as entry element Adventure and adventurers
Form subdivision Fiction.
9 (RLIN) 26252
650 #1 - SUBJECT ADDED ENTRY--TOPICAL TERM
Topical term or geographic name as entry element Humorous stories.
9 (RLIN) 3831
655 #7 - INDEX TERM--GENRE/FORM
Genre/form data or focus term Christmas stories.
Source of term lcsh
9 (RLIN) 4331
906 ## - LOCAL DATA ELEMENT F, LDF (RLIN)
a 7
b cbc
c copycat
d 2
e ncip
f 20
g y-gencatlg
942 ## - ADDED ENTRY ELEMENTS (KOHA)
Source of classification or shelving scheme Library of Congress Classification
Koha item type Books
Holdings
Withdrawn status Lost status Source of classification or shelving scheme Damaged status Home library Current library Shelving location Date acquired Total Checkouts Full call number Barcode Date last seen Date checked out Copy number Price effective from Koha item type
    Library of Congress Classification   Luxembourg Library Luxembourg Library Scholastic Reading Center Section 10/08/2013 2 PZ 7 .St857Ctf 2006 LEX2271 04/18/2017 07/26/2016 1 10/08/2013 Books

The Christmas toy factory /

APA

Stilton G., . (2006). The Christmas toy factory. New York: Scholastic.

Chicago

Stilton Geronimo, . 2006. The Christmas toy factory. New York: Scholastic.

Harvard

Stilton G., . (2006). The Christmas toy factory. New York: Scholastic.

MLA

Stilton Geronimo, . The Christmas toy factory. New York: Scholastic. 2006.

  • Place hold
  • Print
  • Cite
  • Add to your cart (remove)
  • Save record
    BIBTEX Dublin Core MARCXML MARC (non-Unicode/MARC-8) MARC (Unicode/UTF-8) MARC (Unicode/UTF-8, Standard) MODS (XML) RIS
  • More searches
    Search for this title in:
    Other Libraries (WorldCat) Other Databases (Google Scholar) Online Stores (Bookfinder.com) Open Library (openlibrary.org)

Exporting to Dublin Core...

SOUTHVILLE LIBRARY

Southville International School and Colleges Library

1281 Tropical Ave. Cor. Luxembourg St., BF Homes International, Las Pinas City

Tel. No. 8256374 / 252358 Loc. 117/146

Powered by Koha